书目信息 |
| 题名: |
土壤采样与分析方法
|
|
| 作者: | 卡特 , 格雷戈里奇 主编 ;李保国 主译 | |
| 分册: | 上册 | |
| 出版信息: | 北京 电子工业出版社 2022 |
|
| 页数: | 525页 | |
| 开本: | 29cm | |
| 丛书名: | ||
| 单 册: | ||
| 中图分类: | X825 , S151.9 | |
| 科图分类: | ||
| 主题词: | 土壤环境--环境质量--采样 , 土壤分析 | |
| 电子资源: | ||
| ISBN: | 978-7-121-41908-9 | |
| 000 | 01196nam0 2200301 450 | |
| 001 | 012024000009 | |
| 005 | 20240925152805.97 | |
| 010 | @a978-7-121-41908-9@dCNY240.00 | |
| 100 | @a20240924d2022 em y0chiy50 ea | |
| 101 | 1 | @achi@ceng |
| 102 | @aCN@b110000 | |
| 105 | @aa z 000yy | |
| 106 | @ar | |
| 200 | 1 | @a土壤采样与分析方法@Atu rang cai yang yu fen xi fang fa@h上册@f(加)M. R.卡特(M. R. Carter),(加)E. G.格雷戈里奇(E. G. Gregorich)主编@g李保国[等]主译 |
| 210 | @a北京@c电子工业出版社@d2022 | |
| 215 | @a525页@c图@d29cm | |
| 305 | @a由Taylor & Francis出版集团旗下的CRC出版公司出版,并经其授权翻译出版 | |
| 330 | @a本书分为七篇,内容包括:土壤样品采集与处理、土壤与环境管理的诊断方法、土壤化学分析、土壤生物分析、土壤有机质分析、土壤物理分析、土壤水分析等。 | |
| 510 | 1 | @aSoil sampling and methods of analysis@zeng |
| 606 | 0 | @a土壤环境@x环境质量@x采样 |
| 606 | 0 | @a土壤分析 |
| 690 | @aX825@v5 | |
| 690 | @aS151.9@v5 | |
| 701 | 0 | @c(加)@a卡特@Aka te@c(Carter, M.R.)@4主编 |
| 701 | 0 | @c(加)@a格雷戈里奇@Age lei ge li qi@c(Gregorich, E.G.)@4主编 |
| 702 | 0 | @a李保国@Ali bao guo@4主译 |
| 801 | 0 | @aCN@bAHXH@c20240924 |
| 905 | @b214130340@b214130359@dX825@e790:1@f2 | |
| 土壤采样与分析方法.上册/(加)M. R.卡特(M. R. Carter),(加)E. G.格雷戈里奇(E. G. Gregorich)主编/李保国[等]主译.-北京:电子工业出版社,2022 |
| 525页:图;29cm |
| ISBN 978-7-121-41908-9:CNY240.00 |
| 本书分为七篇,内容包括:土壤样品采集与处理、土壤与环境管理的诊断方法、土壤化学分析、土壤生物分析、土壤有机质分析、土壤物理分析、土壤水分析等。 |
| ● |
| 相关链接 |
|
|
|
|
正题名:土壤采样与分析方法
索取号:X825/790:1
 
预约/预借
| 序号 | 登录号 | 条形码 | 馆藏地/架位号 | 状态 | 备注 |
| 1 | 1413034 | 214130340 | 第二样本阅览室/ [索取号:X825/790:1] | 在馆 | |
| 2 | 1413035 | 214130359 | 第三借阅区/ [索取号:X825/790:1] | 在馆 |